00591nam a2200169 a 450000100100000000500170001000800410002702000180006804000250008608200090011110000340012024500580015426000620021230000210027495201090029599900170040400004213520201002035948.0131114s2011 pr 000 0 spa d a9780983007449 aDO-SdBNPbspacBNPHU axxxx1 aPadua, Reynaldo Marcos96913113aLa música de las esferas. /cReynaldo Marcos Padua. aSan Juan, Puerto Rico, :bLos libros de la Iguana,c2011. a227 p. ;c21 cm. 001050718MOaGRbGRcCTd2013-11-14iLF1l0oxxxx p42135-10r2020-06-25w2020-06-25y1ZNo se presta c41624d41624